| 000 | 00748cab a2200217 4500 | ||
|---|---|---|---|
| 001 | WB3319-10 | ||
| 008 | 090401t1997 xxu||||| |||| 00| 0 eng d | ||
| 035 | _a(Sirsi) u78321 | ||
| 041 | _aeng | ||
| 245 | _aFilling in the cracks | ||
| 260 | _c1997 | ||
| 350 | _a0 | ||
| 490 |
_aFinancial Times Money _v10/11 May 1997, 3(1) |
||
| 520 | _aOccurences of subsidence are expected to increase, after the first four months of 1997 have proved to be the driest since 1929. Discuses how best to avoid or remedy the situation, as well as ensuring sufficient insurance cover. | ||
| 650 | _aBUILDINGS INSURANCE | ||
| 650 | _aDROUGHT | ||
| 650 | _aSUBSIDENCE | ||
| 690 | _aBUILT ENVIRONMENT-BUILDING INSPECTION | ||
| 942 | _n0 | ||
| 948 | _c15/05/1997 | ||
| 999 |
_c49287 _d49287 |
||